01330nam a22003497a 4500003000500000005001700005008004100022010001000063011001000073035001000083040000900093090001000102100003800112245012700150260003900277300001000316502008900326590003700415590004100452590004100493590004100534590004200575650004400617650004300661650004000704650003800744901000700782942001000789949003600799999001700835952012800852CHAP20220329140058.0971013s1983 r 00010 d a46653 a47625 a51768 cCHAP aTesis00aTijerina Cantú, Carlos.9113281 aSuplementación de Lactobacillus acidophilus en adición con antibióticos durante iniciación y crecimiento en cerdos aMonterrey, N.L. :bEl autor,c1983 a51 h. aTesis (Ing. Agr. Zootecnista) -- ITESM. Div. de Ciencias Agropecuarias y Marítimas aALEPHb10c20130110lUCH01h1316 aBATCH-UPDb10c20130110lUCH01h1502 aBATCH-UPDb10c20130410lUCH01h0924 aBATCH-UPDb10c20130914lUCH01h1521 aCONVERSIONb10c20130109lUCH01h132514aAntibioticos en nutricion animal.9605214aGanado porcinoxAlimentación.94532914aGanado porcinoxCrecimiento.94534914aLactobacillus acidophilus.964350 aBK cTESIS bBCcTESd-115676eTS1i51768si c46653d46653 00102local4051708TESISaBCbBCcPA_TESISd2012-12-17fTESISl0oTesisp-115676r2019-12-31 00:00:00w2019-12-31yTESIS